000 00432nam a2200157 i 4500
001 42077
003 ES-MaACL
005 20230906160538.0
007 t|
008 030312s1962 sp ||||1| spa d
100 1 _aCastañón, Luciano.
_936445
245 1 4 _aLos días como pájaros /
_cLuciano Castañón.
260 _aBarcelona :
_bLuis de Caralt,
_c[1962]
300 _a269 p. ;
_c22 cm.
852 _aES-MaACL
_jC-23399
_bR.51508
999 _c42077
_d42077